000 00654nam a2200217Ia 4500
005 20260429112000.0
008 260429s9999||||xx |||||||||||||| ||und||
020 _a9798886131208
041 _aEnglish
082 _a620.110724
_bSRI
100 _aSrinivasan, R.
245 0 _aExperimental techniques in physics and materials science :
_bprinciples and methodologies /
_cR. Srinivasan
260 _aSingapore :
_bWorld Scientific Publishing,
_c2025.
300 _ax, 521 p.; pbk
650 _a Experimental research
650 _aMaterials science
700 _a Ramesh, T.G.
700 _a Sundar, C.S.
700 _a Umesh, G.
942 _cTB
999 _c51734
_d51734